000 00467nam a22001697a 4500
999 _c2167
_d2167
003 OSt
005 20181009124348.0
008 181009b ||||| |||| 00| 0 eng d
040 _cDLC
082 _aREF 423
_bW377W
100 _aWebster, Noah
245 _aWebster's Dictionary /
_cBy Noah Webster. [Edited By John Sage Allee, Ph.D]
260 _aUSA :
_bOttenheimer Publishers, Inc.,
_cc1978.
300 _a446 p.:
650 _aEnglish Language
942 _2ddc
_cREF